Technical Centre for Agricultural and Rural Cooperation, ACP-EEC Lome convention. (Record no. 80953)
[ view plain ]
| 000 -LEADER | |
|---|---|
| fixed length control field | 00883nam a2200169 a 4500 |
| 008 - FIXED-LENGTH DATA ELEMENTS--GENERAL INFORMATION | |
| fixed length control field | 100126s1989 ||||||||||||||||| || u |
| 050 ## - LIBRARY OF CONGRESS CALL NUMBER | |
| Classification number | CTA(02) |
| 110 ## - MAIN ENTRY--CORPORATE NAME | |
| Corporate name or jurisdiction name as entry element | Technical Centre for Agricultural and Rural Cooperation (CTA) |
| 245 10 - TITLE STATEMENT | |
| Title | Technical Centre for Agricultural and Rural Cooperation, ACP-EEC Lome convention. |
| Statement of responsibility, etc. | Technical Centre for Agricultural and Rural Cooperation(CTA) |
| 260 ## - PUBLICATION, DISTRIBUTION, ETC. | |
| Place of publication, distribution, etc. | Wageningen. Netherlands: |
| Name of publisher, distributor, etc. | CTA |
| Date of publication, distribution, etc. | 1989 |
| 300 ## - PHYSICAL DESCRIPTION | |
| Extent | 24p. |
| 350 ## - | |
| -- | 0.00 |
| 650 ## - SUBJECT ADDED ENTRY--TOPICAL TERM | |
| Topical term or geographic name entry element | AGRICULTURE |
| 650 ## - SUBJECT ADDED ENTRY--TOPICAL TERM | |
| Topical term or geographic name entry element | AGRICULTURE--RESEARCH--CONGRESSES |
| 995 ## - | |
| -- | SPECIAL COLLECTIONS |
| -- | 0.00 |
| -- | 03005468 |
| -- | CBU-MAIN LIBRARY (Kitwe) |
| -- | 1 |
| -- | 0.00 |
| -- | CTA(02)1989/2A |
| -- | 1 |
| -- | AVAILABLE |
| -- | Jan 26, 2010 |
| -- | Z03005468 |
| -- | International Publications |
| 995 ## - | |
| -- | SPECIAL COLLECTIONS |
| -- | 0.00 |
| -- | 03005469 |
| -- | CBU-MAIN LIBRARY (Kitwe) |
| -- | 1 |
| -- | 0.00 |
| -- | CTA(02)1989/2B |
| -- | 2 |
| -- | AVAILABLE |
| -- | Jan 26, 2010 |
| -- | Z03005469 |
| -- | International Publications |
| 999 ## - | |
| -- | 80953 |
| -- | 80953 |
| Withdrawn status | Lost status | Source of classification or shelving scheme | Damaged status | Not for loan | Permanent Location | Current Location | Shelving location | Date acquired | Total Checkouts | Full call number | Barcode | Date last seen | Copy number | Price effective from | Koha item type |
|---|---|---|---|---|---|---|---|---|---|---|---|---|---|---|---|
| CBU-MAIN LIBRARY, KITWE. | CBU-MAIN LIBRARY, KITWE. | 07/11/2023 | CTA(02)1989/2A | Z03005468 | 07/11/2023 | 1 | 07/11/2023 | SPECIAL COLLECTION | |||||||
| CBU-MAIN LIBRARY, KITWE. | CBU-MAIN LIBRARY, KITWE. | 07/11/2023 | CTA(02)1989/2B | Z03005469 | 07/11/2023 | 2 | 07/11/2023 | SPECIAL COLLECTION |